00335nam a2200145Ia 4500008004100000020002200041041000800063082001600071100001800087245002200105260002500127300000900152650001200161700001600173220803s9999 xx 000 0 und d a978-3-8365-0955-8 aeng a728 CHA/FIE aCharlotte Ed. aDomus : 1960-1964 aKolnbTaschen c2006 a580p aHousing aFiell P Ed.